| 000 | 01366cam a22003737a 4500 | ||
|---|---|---|---|
| 003 | CHAP | ||
| 005 | 20220817043523.0 | ||
| 008 | 990317d1998 mx ab r 00110 spa d | ||
| 010 | _a77283 | ||
| 011 | _a78255 | ||
| 035 | _a88142 | ||
| 040 | _cCHAP | ||
| 090 | _aTesis | ||
| 100 | 0 | 0 |
_aMartner Peyrelongue, Daniel. _971686 |
| 245 | 1 | 3 |
_aLa producción agroecológica, una alternativa de desarrollo sustentable para la microregión fronteriza selva _c/por Daniel Martner Peyrelongue |
| 260 |
_aChapingo, Méx. : _bEl autor, _c1998. |
||
| 300 |
_a273 h. : _bilus. ; mapas, ; cuadros |
||
| 502 | _aTesis (M.C. en Desarrollo Rural Regional) -- UACH. Dirección de Centros Regionales | ||
| 590 |
_aALEPH _b10 _c20130110 _lUCH01 _h1428 |
||
| 590 |
_aBATCH-UPD _b10 _c20130110 _lUCH01 _h1721 |
||
| 590 |
_aBATCH-UPD _b10 _c20130410 _lUCH01 _h1104 |
||
| 590 |
_aBATCH-UPD _b10 _c20130914 _lUCH01 _h0811 |
||
| 590 |
_aCONVERSION _b10 _c20130109 _lUCH01 _h1343 |
||
| 650 | 1 | 4 |
_aCafé _xChiapas. _917115 |
| 650 | 1 | 4 | _aDesarrollo sustentable. |
| 650 | 1 | 4 |
_aGanadería _xChiapas. _944668 |
| 650 | 1 | 4 |
_aMaíz _zChiapas. _971091 |
| 901 | _aBK | ||
| 905 | _aMayto Villalobos S. | ||
| 942 | _cFOLL | ||
| 949 |
_bBC _cTES _d33724000713962 _eTS2 _fc.2 _h33609 _i88142 _sb |
||
| 949 |
_bBC _cTES _d33724000760914 _eTS2 _fc.3 _h35857 _i88142 _si |
||
| 949 |
_bBC _cTES _d881421 _eTS1 _h33608 _i88142 _sb |
||
| 999 |
_c77283 _d77283 |
||